[Event "DVM U10 2020"]
[Site "Magdeburg GER"]
[Date "2021.08.06"]
[Round "2"]
[White "Dütsch, Kilian"]
[Black "Ebel, Felix"]
[Result "1-0"]
[Termination "normal"]
[Board "14.2"]
[WhiteElo "864"]
[BlackElo "955"]
[WhiteTeam "Schachklub Schweinfurt 2000 e.V."]
[BlackTeam "SK Lehrte von 1919 e. V."]
[PlyCount "99"]
[WhiteFideId "34605517"]
[BlackFideId "34651446"]
[EventCountry "GER"]
[EventRounds "7"]
[EventType "team-swiss"]
[EventDate "2021.08.06"]

{[%evp 0,89,32,32,29,8,45,46,42,-1,37,1,-5,9,29,10,66,25,39,-10,35,-33,-33,
-133,74,120,120,1,-11,-158,-239,-239,-239,-315,-301,-390,-30,-96,-59,-223,-223,
-213,-213,-229,-243,-223,-204,-253,-204,-207,-180,-180,-98,-72,9,-15,61,-102,
-95,-95,52,52,53,-78,2,-261,-236,-240,-93,-240,-254,-293,-265,-232,-269,-269,
78,150,94,0,29989,775,814,933,1779,29986,1150,29988,29993,1388,1816,1512]
normal} 1. d4 Nf6 2. Bf4 g6 3. e3 Bg7 4. c3 d6 5. Bd3 O-O 6. Nf3 Re8 7. Nbd2
Nbd7 8. Qc2 b6 9. Bg5 e5 10. Ne4 Bb7 11. Bh4 Bxe4 12. Bxe4 Rc8 13. Bd5 c6 14.
Be4 d5 15. Bd3 e4 16. Ne5 Nxe5 17. dxe5 Rxe5 18. Be2 b5 19. f4 exf3 20. gxf3
Rxe3 21. Bg5 Re6 22. O-O-O Qe8 23. Rhe1 Nd7 24. Bh4 Bh6+ 25. Kb1 g5 26. Bg3 Qe7
27. Bd3 Nf6 28. Rxe6 fxe6 29. Rg1 Qc5 30. Bf2 Qe7 31. f4 g4 32. h4 Bxf4 33. h5
Rb8 34. Bd4 e5 35. Qe2 c5 36. Bf2 c4 37. Bf5 Nxh5 38. Qxg4+ Ng7 39. Bc5 Qb7 40.
Be6+ Kh8 41. Bxd5 Qc7 42. Bd6 Rb7 43. Bxc7 Rxc7 44. Be4 Be3 45. Qh3 Ne8 46.
Qxe3 Nf6 47. Qg5 Rf7 48. Bd5 Rd7 49. Qxf6+ Rg7 50. Qxg7# 1-0

[Event "DVM U10 2020"]
[Site "Magdeburg GER"]
[Date "2021.08.06"]
[Round "2"]
[White "Stelter, Torge"]
[Black "Gerull, Luis"]
[Result "0-1"]
[Termination "normal"]
[Board "14.3"]
[WhiteElo "761"]
[BlackElo "854"]
[WhiteTeam "SK Lehrte von 1919 e. V."]
[BlackTeam "Schachklub Schweinfurt 2000 e.V."]
[PlyCount "64"]
[WhiteFideId "533043698"]
[BlackFideId "34606270"]
[EventCountry "GER"]
[EventRounds "7"]
[EventType "team-swiss"]
[EventDate "2021.08.06"]

{[%evp 0,64,32,12,12,12,12,18,32,-9,-5,47,58,50,80,58,58,49,58,16,22,-3,163,59,
95,-285,-364,-328,-432,-577,-569,-623,-544,-578,-579,-572,-536,-580,-581,-614,
-600,-599,-585,-600,-600,-670,-644,-680,-568,-598,-527,-540,-548,-859,-582,
-815,-593,-611,-616,-745,-817,-906,-918,-945,-890,-962,-1045] normal} 1. e4 e5
2. Nf3 Nc6 3. Nc3 Nf6 4. Be2 Bc5 5. Nxe5 Nxe5 6. d4 Bxd4 7. Qxd4 d6 8. Bg5 Be6
9. Bxf6 Qxf6 10. Nb5 c6 11. Nc7+ Ke7 12. Nxa8 Nf3+ 13. Bxf3 Qxd4 14. Rd1 Qxb2
15. O-O Rxa8 16. Rb1 Qxc2 17. Rxb7+ Kd8 18. h3 Qxa2 19. e5 dxe5 20. Rd1+ Ke8
21. Bxc6+ Kf8 22. Rc7 Qa5 23. Rxf7+ Bxf7 24. Bxa8 Ke8 25. Bc6+ Kf8 26. Rd7 Qb6
27. Ba4 Be6 28. Rd3 a5 29. Rf3+ Ke7 30. Rc3 Qb4 31. Rc7+ Kd8 32. Rc1 Qxa4 0-1

[Event "DVM U10 2020"]
[Site "Magdeburg GER"]
[Date "2021.08.06"]
[Round "2"]
[White "Nidermaier, Fredrik"]
[Black "Heyl, Jonathan"]
[Result "0-1"]
[Termination "normal"]
[Board "14.4"]
[WhiteElo "759"]
[BlackElo "736"]
[WhiteTeam "Schachklub Schweinfurt 2000 e.V."]
[BlackTeam "SK Lehrte von 1919 e. V."]
[PlyCount "52"]
[WhiteFideId "34615679"]
[BlackFideId "533006199"]
[EventCountry "GER"]
[EventRounds "7"]
[EventType "team-swiss"]
[EventDate "2021.08.06"]

{[%evp 0,52,32,12,12,12,12,32,32,24,25,49,49,75,91,77,141,126,147,127,166,150,
169,164,157,159,187,24,6,-143,-90,-122,-89,-89,-129,-189,-1,40,72,-61,-36,
-29995,178,178,323,276,269,59,63,-29997,-29998,-29999,-709,-29999,-30000]
normal} 1. e4 e5 2. Nf3 Nc6 3. Nc3 Nf6 4. Bb5 a6 5. Bxc6 dxc6 6. Nxe5 Bc5 7.
Nf3 Ng4 8. O-O Bd7 9. d3 b5 10. Bg5 Be7 11. Bxe7 Qxe7 12. h3 h5 13. hxg4 hxg4
14. Nh2 Qh4 15. Re1 Qxh2+ 16. Kf1 b4 17. Na4 c5 18. Nxc5 Bc8 19. f3 g3 20. f4
Rh3 21. Qf3 Qh1+ 22. Ke2 Qh2 23. Rh1 Bg4 24. Qxg4 Qxg2+ 25. Ke3 Rxh1 26. Rxh1
Qf2# 0-1

[Event "DVM U10 2020"]
[Site "Magdeburg GER"]
[Date "2021.08.06"]
[Round "2"]
[White "Zander, Ben Erik"]
[Black "He, Saiqi"]
[Result "1/2-1/2"]
[Termination "normal"]
[Board "15.1"]
[WhiteElo "958"]
[BlackElo "1116"]
[WhiteTeam "Schachfreunde Hettstedt"]
[BlackTeam "SchVgg Blankenese von 1923 e.V."]
[PlyCount "44"]
[WhiteFideId "34627090"]
[BlackFideId "16292723"]
[EventCountry "GER"]
[EventRounds "7"]
[EventType "team-swiss"]
[EventDate "2021.08.06"]

{[%evp 0,44,32,12,12,32,24,24,24,-16,-16,-6,82,45,45,5,1,14,12,-22,8,-6,19,19,
203,-12,-19,-15,61,-30,-45,-67,-72,-63,11,-57,-57,-64,-38,-81,-66,-58,-48,-47,
-44,-134,-34] normal} 1. e4 e5 2. Nf3 Nc6 3. Nc3 Nf6 4. d4 exd4 5. Nxd4 d6 6.
Bb5 Bd7 7. Bxc6 bxc6 8. O-O Be7 9. Bg5 O-O 10. Qf3 c5 11. Nf5 c6 12. Qg3 Bxf5
13. exf5 Nh5 14. Qh4 Bxg5 15. Qxh5 d5 16. Rad1 Qf6 17. Qf3 Rab8 18. b3 Rb4 19.
Ne2 Qh6 20. Rde1 Rh4 21. h3 Rc8 22. Qc3 Qd6 1/2-1/2

[Event "DVM U10 2020"]
[Site "Magdeburg GER"]
[Date "2021.08.06"]
[Round "2"]
[White "Rosado de Nebendahl, Philippe"]
[Black "Kühne, Paul"]
[Result "1-0"]
[Termination "normal"]
[Board "15.2"]
[WhiteElo "847"]
[BlackElo "1040"]
[WhiteTeam "SchVgg Blankenese von 1923 e.V."]
[BlackTeam "Schachfreunde Hettstedt"]
[PlyCount "25"]
[WhiteFideId "16292731"]
[EventCountry "GER"]
[EventRounds "7"]
[EventType "team-swiss"]
[EventDate "2021.08.06"]

{[%evp 0,25,32,29,10,-8,33,27,29,37,8,43,40,25,108,58,38,24,217,194,319,364,
464,437,410,315,29999,-30000] normal} 1. d4 d5 2. c4 dxc4 3. e3 Nc6 4. Bxc4 Nf6
5. Nf3 Bf5 6. Nc3 Qd7 7. O-O e6 8. Bb5 a6 9. Ne5 axb5 10. Nxd7 Nxd7 11. Nxb5
O-O-O 12. Qa4 Ncb8 13. Na7# 1-0

[Event "DVM U10 2020"]
[Site "Magdeburg GER"]
[Date "2021.08.06"]
[Round "2"]
[White "Heidenreich, Piero"]
[Black "Ueberholz, Lasse"]
[Result "1-0"]
[Termination "normal"]
[Board "15.3"]
[WhiteElo "821"]
[BlackElo "995"]
[WhiteTeam "Schachfreunde Hettstedt"]
[BlackTeam "SchVgg Blankenese von 1923 e.V."]
[PlyCount "49"]
[WhiteFideId "34664289"]
[BlackFideId "16286766"]
[EventCountry "GER"]
[EventRounds "7"]
[EventType "team-swiss"]
[EventDate "2021.08.06"]

{[%evp 0,49,32,32,24,24,24,12,44,32,36,50,50,54,149,139,141,135,485,435,703,
629,767,673,676,613,613,505,722,719,1065,1069,1299,1283,1365,1083,1230,1283,
1387,1065,1118,1065,1162,1175,1273,1213,1254,1264,1269,1237,1861,1201] normal}
1. e4 e5 2. Nf3 Nc6 3. Bc4 h6 4. Nc3 Nf6 5. d4 exd4 6. Nxd4 Nxd4 7. Qxd4 b6 8.
Nd5 Nxd5 9. Qxd5 Qe7 10. Qxa8 Qb4+ 11. c3 Qxc4 12. Qxc8+ Ke7 13. f3 c6 14. Qc7
g6 15. Qe5+ Kd8 16. Qxh8 Qc5 17. Qf6+ Be7 18. Qh8+ Bf8 19. Qd4 Qe7 20. Bd2 c5
21. Qa4 f5 22. O-O-O fxe4 23. fxe4 a5 24. Kb1 Qd6 25. Bf4 1-0

[Event "DVM U10 2020"]
[Site "Magdeburg GER"]
[Date "2021.08.06"]
[Round "2"]
[White "Steiner, Erik"]
[Black "Ecke, Erik"]
[Result "1-0"]
[Termination "normal"]
[Board "15.4"]
[WhiteElo "1012"]
[BlackElo "803"]
[WhiteTeam "SchVgg Blankenese von 1923 e.V."]
[BlackTeam "Schachfreunde Hettstedt"]
[PlyCount "47"]
[WhiteFideId "16292715"]
[BlackFideId "16289420"]
[EventCountry "GER"]
[EventRounds "7"]
[EventType "team-swiss"]
[EventDate "2021.08.06"]

{[%evp 0,47,32,32,24,24,24,24,24,20,21,29,68,43,49,33,105,63,310,69,69,71,83,
85,110,104,113,115,111,33,416,92,79,72,143,55,509,509,561,551,597,602,681,538,
612,686,29997,29998,29999,-30000] normal} 1. e4 e5 2. Nf3 Nc6 3. Nc3 Nf6 4. Bc4
Bb4 5. d3 Bc5 6. O-O O-O 7. Be3 Bb4 8. Nd5 Ng4 9. h3 Nxe3 10. fxe3 Bc5 11. d4
exd4 12. exd4 Bd6 13. c3 Be7 14. Ne5 d6 15. Nxc6 bxc6 16. Nb4 c5 17. Bd5 Rb8
18. Nc6 Qd7 19. Nxb8 Qb5 20. Nc6 Bg5 21. Qf3 Qxb2 22. Bxf7+ Rxf7 23. Qxf7+ Kh8
24. Qf8# 1-0

[Event "DVM U10 2020"]
[Site "Magdeburg GER"]
[Date "2021.08.06"]
[Round "2"]
[White "Kommessin, Felix"]
[Black "Krüger, Moritz"]
[Result "1/2-1/2"]
[Termination "normal"]
[Board "16.1"]
[WhiteElo "1322"]
[BlackElo "1040"]
[WhiteTeam "Schachfreunde Brackel 1930 e. V."]
[BlackTeam "Hannover 96"]
[PlyCount "149"]
[WhiteFideId "16294661"]
[BlackFideId "34608923"]
[EventCountry "GER"]
[EventRounds "7"]
[EventType "team-swiss"]
[EventDate "2021.08.06"]

{[%evp 0,113,32,24,49,35,23,23,23,16,16,7,9,6,-42,-42,-3,-4,26,-25,21,29,34,32,
30,13,48,26,23,23,48,60,63,64,64,72,72,56,60,74,50,3,70,78,76,96,75,75,74,-34,
-33,-28,-63,-166,-51,-44,-46,-206,-206,-213,-121,-121,-155,-306,-300,-306,-104,
-92,1,0,0,0,46,47,72,-1,69,24,72,48,70,49,57,51,58,45,60,39,81,85,127,121,185,
103,99,104,122,65,77,0,16,43,85,11,35,29,32,0,0,-49,16,-61,-59,-70,-70,-86]
normal} 1. e4 e6 2. d4 d5 3. exd5 exd5 4. Nc3 Nf6 5. Bf4 Bd6 6. Bxd6 Qxd6 7.
Nf3 Bg4 8. Bd3 Nbd7 9. Qe2+ Qe6 10. Qxe6+ Bxe6 11. O-O O-O 12. Ng5 Rae8 13.
Nxe6 fxe6 14. Nb5 c6 15. Nd6 Re7 16. Nxb7 Rb8 17. Na5 Rb6 18. Nb3 e5 19. dxe5
Rxe5 20. Rfe1 Rb8 21. Rxe5 Nxe5 22. Re1 Nxd3 23. cxd3 c5 24. Re7 c4 25. dxc4
dxc4 26. Nd4 Rxb2 27. g3 Rxa2 28. Nc6 c3 29. Re1 Rb2 30. Rc1 c2 31. Nd4 Rb1 32.
Ne2 Ne4 33. Kg2 Nc3 34. Rxc2 Nxe2 35. Rxe2 Rb8 36. Ra2 Ra8 37. Kf3 Kf7 38. Ke4
Ke6 39. Ra6+ Ke7 40. Kd5 Kd7 41. Kc5 Kc7 42. f4 g6 43. Kb5 Kb7 44. Rf6 a6+ 45.
Ka5 Ra7 46. Rf7+ Kb8 47. Rf8+ Kb7 48. Rh8 Kc6 49. h4 Kd5 50. Re8 Kd6 51. g4 Re7
52. Rd8+ Ke6 53. Rd3 Rf7 54. Re3+ Kf6 55. g5+ Kf5 56. Re1 Kg4 57. Rg1+ Kf3 58.
Kxa6 Rxf4 59. Rf1+ Kg4 60. Rg1+ Kh5 61. Kb6 Rxh4 62. Kc6 Rg4 63. Rh1+ Kxg5 64.
Rxh7 Kf5 65. Kd5 Rg1 66. Rf7+ Kg4 67. Ke4 Re1+ 68. Kd4 g5 69. Rg7 Rg1 70. Ke4
Kh3 71. Kf3 g4+ 72. Kf2 Rg2+ 73. Kf1 Kg3 74. Rxg4+ Kxg4 75. Kxg2 1/2-1/2

[Event "DVM U10 2020"]
[Site "Magdeburg GER"]
[Date "2021.08.06"]
[Round "2"]
[White "Rinke, Alexander"]
[Black "Böing, Oskar"]
[Result "1-0"]
[Termination "normal"]
[Board "16.2"]
[WhiteElo "1132"]
[BlackElo "969"]
[WhiteTeam "Hannover 96"]
[BlackTeam "Schachfreunde Brackel 1930 e. V."]
[PlyCount "57"]
[WhiteFideId "34623523"]
[BlackFideId "16285654"]
[EventCountry "GER"]
[EventRounds "7"]
[EventType "team-swiss"]
[EventDate "2021.08.06"]

{[%evp 0,57,32,24,24,24,24,11,25,28,84,59,91,91,104,105,216,237,253,292,818,
841,856,841,841,805,798,803,843,789,848,789,850,861,920,810,820,649,833,831,
848,850,878,896,897,916,951,892,944,755,1106,1177,1371,1073,1162,1172,29997,
29998,29999,-30000] normal} 1. e4 e5 2. Nf3 Nc6 3. Bb5 a6 4. Bxc6 bxc6 5. O-O
Nf6 6. Nxe5 Bb7 7. d4 Nxe4 8. Re1 d5 9. f3 Nf6 10. Nxc6+ Be7 11. Nxd8 Rxd8 12.
Nc3 Rd7 13. Bg5 O-O 14. Qd2 Bd8 15. Re2 Rd6 16. Rae1 Bc6 17. Nd1 Bb5 18. Re3
Ng4 19. Bxd8 Nxe3 20. Be7 Nxd1 21. Bxd6 cxd6 22. Qxd1 Rc8 23. Re7 h6 24. Qe1 a5
25. Qxa5 Bc6 26. Qd2 Ra8 27. Qf4 Rxa2 28. Qxf7+ Kh7 29. Qxg7# 1-0

[Event "DVM U10 2020"]
[Site "Magdeburg GER"]
[Date "2021.08.06"]
[Round "2"]
[White "Eschrig, Immanuel"]
[Black "Ensslen, Jakob"]
[Result "0-1"]
[Termination "normal"]
[Board "17.1"]
[WhiteElo "1094"]
[BlackElo "1103"]
[WhiteTeam "Greifswalder SV"]
[BlackTeam "Karlsruher SF 1853"]
[PlyCount "42"]
[WhiteFideId "34626506"]
[BlackFideId "34640258"]
[EventCountry "GER"]
[EventRounds "7"]
[EventType "team-swiss"]
[EventDate "2021.08.06"]

{[%evp 0,42,24,24,24,24,71,68,68,23,29,22,95,80,121,57,109,99,96,57,56,-317,
-327,-391,-281,-287,-280,-270,-244,-321,-307,-392,-312,-368,-384,-394,-359,
-381,-329,-329,-276,-29997,-29998,-29999,-30000] normal} 1. e4 e5 2. Nf3 Bd6 3.
Nc3 Nc6 4. d3 Bb4 5. Be2 Nd4 6. O-O Nf6 7. Bg5 O-O 8. Nxd4 exd4 9. Nd5 Be7 10.
e5 Nxd5 11. Bf3 Nb6 12. Bxe7 Qxe7 13. Re1 Re8 14. Qe2 Qb4 15. b3 h6 16. Bh5 d6
17. Qf3 g6 18. Qg3 Kh7 19. Bf3 f6 20. exf6 Rxe1+ 21. Rxe1 Qxe1# 0-1

[Event "DVM U10 2020"]
[Site "Magdeburg GER"]
[Date "2021.08.06"]
[Round "2"]
[White "Xiao, Karoline"]
[Black "Khanbekyan, Aram"]
[Result "0-1"]
[Termination "normal"]
[Board "17.2"]
[WhiteElo "972"]
[BlackElo "900"]
[WhiteTeam "Karlsruher SF 1853"]
[BlackTeam "Greifswalder SV"]
[PlyCount "58"]
[WhiteFideId "16282230"]
[BlackFideId "34606149"]
[EventCountry "GER"]
[EventRounds "7"]
[EventType "team-swiss"]
[EventDate "2021.08.06"]

{[%evp 0,58,24,24,60,51,51,14,14,41,87,89,89,81,94,61,58,-14,17,-45,28,-41,14,
-317,-288,-366,-364,-364,-361,-409,-393,-614,-421,-445,-415,-514,-571,-576,
-601,-614,-596,-596,-598,-676,-589,-684,-551,-572,-538,-542,-544,-548,-540,
-686,-560,-29995,-777,-29995,-29996,-29997,-29998] normal} 1. e4 c5 2. Nf3 Nc6
3. d4 cxd4 4. Nxd4 g6 5. Nc3 Bg7 6. Be3 Nf6 7. Bc4 O-O 8. Qd2 d6 9. Bb3 Bd7 10.
O-O-O Rb8 11. Bh6 Nxd4 12. Qxd4 Bxh6+ 13. Kb1 a5 14. f3 b5 15. Rdg1 b4 16. Na4
Bg7 17. g4 Nxg4 18. Qd2 Ne5 19. Qg2 Qc7 20. h4 h5 21. Rf1 Qc8 22. Qg3 Be6 23.
f4 Bxb3 24. cxb3 Ng4 25. f5 Qc7 26. Rf4 Rfc8 27. Rxg4 hxg4 28. Qxg4 Qc2+ 29.
Ka1 Qc1+ 0-1

[Event "DVM U10 2020"]
[Site "Magdeburg GER"]
[Date "2021.08.06"]
[Round "2"]
[White "Küstner, Frieder"]
[Black "Volz, Alexander Sebastian"]
[Result "0-1"]
[Termination "normal"]
[Board "17.3"]
[WhiteElo "727"]
[BlackElo "731"]
[WhiteTeam "Greifswalder SV"]
[BlackTeam "Karlsruher SF 1853"]
[PlyCount "106"]
[BlackFideId "34681760"]
[EventCountry "GER"]
[EventRounds "7"]
[EventType "team-swiss"]
[EventDate "2021.08.06"]

{[%evp 0,84,24,24,24,20,20,20,20,20,20,-4,95,-71,-46,-67,-44,-363,-340,-361,-7,
2,205,-139,-114,-145,-108,-114,-103,-316,-324,-535,-334,-344,-304,-344,-339,
-407,-250,-344,-222,-378,-382,-516,-364,-358,-315,-482,-216,-321,-218,-476,
-510,-506,-460,-512,-462,-531,-467,-456,-457,-537,-463,-668,-696,-695,-710,
-710,-710,-705,-714,-735,-760,-769,-725,-736,-736,-736,-725,-726,-717,-1303,
-1741,-1843,-1971,-29973,-29976] normal} 1. e4 e5 2. Nf3 Nc6 3. Bc4 Nf6 4. Ng5
d5 5. exd5 Nxd5 6. Ne4 Bf5 7. d3 Bb4+ 8. Nbc3 Bxe4 9. dxe4 Bxc3+ 10. bxc3 Nxc3
11. Qxd8+ Rxd8 12. O-O O-O 13. Bb2 Nxe4 14. Rad1 Nd2 15. Bc3 Nxf1 16. Rxf1 Rd7
17. Bb5 Rfd8 18. Be2 b5 19. a3 a5 20. h3 b4 21. Bb2 bxa3 22. Bxa3 Nd4 23. Bg4
Rd5 24. Be7 Rb8 25. Bf3 Nxf3+ 26. gxf3 h6 27. Ba3 f5 28. Bc1 e4 29. fxe4 fxe4
30. Re1 a4 31. Rxe4 Rd1+ 32. Kg2 Rxc1 33. Rxa4 Rxc2 34. Ra7 Rbb2 35. Ra3 Rxf2+
36. Kg3 Rg2+ 37. Kf3 Rbf2+ 38. Ke4 Re2+ 39. Kd4 g5 40. Re3 Rxe3 41. Kxe3 Rg3+
42. Kf2 Rxh3 43. Kg2 Ra3 44. Kf2 c5 45. Ke2 c4 46. Kd2 g4 47. Ke2 g3 48. Kd2 g2
49. Ke2 g1=Q 50. Kd2 Qa1 51. Kc2 Rc3+ 52. Kd2 Qb2+ 53. Kd1 Rc1# 0-1

[Event "DVM U10 2020"]
[Site "Magdeburg GER"]
[Date "2021.08.06"]
[Round "2"]
[White "Snover, Tom"]
[Black "Kamleiter, Noah"]
[Result "1/2-1/2"]
[Termination "normal"]
[Board "18.1"]
[WhiteElo "1525"]
[BlackElo "1476"]
[WhiteTeam "Schachclub Aschaffenburg e.V."]
[BlackTeam "TSV Bindlach Aktionär"]
[PlyCount "43"]
[WhiteFideId "34604553"]
[BlackFideId "16265815"]
[EventCountry "GER"]
[EventRounds "7"]
[EventType "team-swiss"]
[EventDate "2021.08.06"]

{[%evp 0,43,24,20,51,52,54,37,41,5,89,55,86,80,91,48,105,-64,33,-43,-45,-45,
-45,-56,-50,-50,-25,-26,-29,-67,-77,-92,-84,-92,-56,-81,-61,-88,-67,-90,-77,
-80,-84,-91,-88,-156] normal} 1. e4 c5 2. Nf3 Nc6 3. d4 cxd4 4. Nxd4 g6 5. Be3
Nf6 6. Nc3 Bg7 7. Bc4 Qa5 8. Nb3 Qb4 9. Bd3 Nxe4 10. Bxe4 Bxc3+ 11. bxc3 Qxe4
12. O-O d6 13. Re1 Qg4 14. Qxg4 Bxg4 15. Bg5 Be6 16. Nd4 Nd8 17. Rab1 b6 18. a3
h6 19. Bf4 g5 20. Bg3 Rc8 21. Re3 Kd7 22. Rbe1 1/2-1/2

[Event "DVM U10 2020"]
[Site "Magdeburg GER"]
[Date "2021.08.06"]
[Round "2"]
[White "Nguyen Duc, Tien Dat"]
[Black "Hoffmann, Svenja"]
[Result "0-1"]
[Termination "normal"]
[Board "19.1"]
[WhiteElo "950"]
[BlackElo "1307"]
[WhiteTeam "SAV Torgelow-Drögeheide 90"]
[BlackTeam "Schachzwerge Magdeburg"]
[PlyCount "76"]
[BlackFideId "16287312"]
[EventCountry "GER"]
[EventRounds "7"]
[EventType "team-swiss"]
[EventDate "2021.08.06"]

{[%evp 0,76,31,25,24,21,21,11,18,11,10,10,15,13,2,-15,-6,-38,-6,-11,18,11,46,
37,41,43,66,42,31,31,44,44,59,-46,-8,-24,-35,-35,39,-83,140,-100,-50,-146,-4,
-248,-121,-622,-591,-609,-584,-630,-632,-649,-645,-939,-971,-1403,-1150,-1166,
-975,-1037,-1037,-1037,-976,-1366,-1386,-1421,-1247,-29989,-2000,-1953,-29992,
-29995,-29994,-29995,-29996,-29997,-29996] normal} 1. e4 e5 2. Nf3 Nc6 3. Bc4
Bc5 4. Nc3 d6 5. d3 Nf6 6. Bg5 Be6 7. Bb3 h6 8. Bxf6 Qxf6 9. Nd5 Qd8 10. c3 Qd7
11. d4 exd4 12. cxd4 Bb6 13. O-O Bg4 14. Ba4 Bxf3 15. Qxf3 Bxd4 16. Rab1 a6 17.
Rfd1 b5 18. Bb3 O-O 19. a4 Ne5 20. Qh5 bxa4 21. Ba2 c6 22. Nb6 Bxb6 23. b3 Ng4
24. Rd2 Rfe8 25. h3 Nf6 26. Qf3 Nxe4 27. bxa4 Nxd2 28. Qd3 Ba5 29. Rd1 Re7 30.
Rxd2 Bxd2 31. Qxd2 Rae8 32. Qc2 Re1+ 33. Kh2 d5 34. g3 R8e2 35. Qc5 Qf5 36. h4
Rxf2+ 37. Qxf2 Qxf2+ 38. Kh3 Rh1+ 0-1

[Event "DVM U10 2020"]
[Site "Magdeburg GER"]
[Date "2021.08.06"]
[Round "2"]
[White "Pflug, Anton"]
[Black "Wilke, Ronja"]
[Result "1-0"]
[Termination "normal"]
[Board "19.2"]
[WhiteElo "1113"]
[BlackElo "862"]
[WhiteTeam "Schachzwerge Magdeburg"]
[BlackTeam "SAV Torgelow-Drögeheide 90"]
[PlyCount "65"]
[WhiteFideId "34611495"]
[BlackFideId "16288378"]
[EventCountry "GER"]
[EventRounds "7"]
[EventType "team-swiss"]
[EventDate "2021.08.06"]

{normal} 1. e4 e5 2. Nf3 Nc6 3. Bc4 Bc5 4. c3 Nf6 5. d4 exd4 6. cxd4 Bb4+ 7.
Bd2 Nxe4 8. Bxb4 Nxb4 9. Bxf7+ Kxf7 10. Qb3+ Ke8 11. Qxb4 Nd6 12. O-O Qe7 13.
Re1 Qxe1+ 14. Qxe1+ Kd8 15. Nc3 b6 16. Nd5 Re8 17. Qd2 Ba6 18. Qg5+ Kc8 19.
Qxg7 Kb7 20. Qxd7 Nb5 21. a4 Red8 22. Qf7 Rac8 23. axb5 Bxb5 24. Rc1 Rd7 25.
Ne7 c5 26. Ne5 Rdc7 27. Qd5+ Kb8 28. Nxc8 Rxc8 29. dxc5 a5 30. c6 Bxc6 31.
Nxc6+ Ka8 32. Nxa5+ Kb8 33. Qb7# 1-0